Gminy 27 okręgu wyborczego do sejmu (Bielsko-Biała) - Statystyki

Ogólne statystyki
  • Ten quiz został rozwiązany 24 razy
  • Średni wynik to 12 z 44
Odpowiedzi na mapie
Odpowiedzi zakodowano w zielono-czerwonej skali na mapie do tego quizu, zgodnie z poniższymi procentami.
 
Statystyki odpowiedzi
Odpowiedź % Poprawnych
Bielsko-Biała
71%
Czechowice-Dziedzice
71%
Kozy
71%
Goczałkowice-Zdrój
57%
Porąbka
57%
Wilamowice
57%
Wilkowice
57%
Żywiec
57%
Cieszyn
43%
Jasienica
43%
Jaworze
43%
Pszczyna
43%
Radziechowy-Wieprz
43%
Szczyrk
43%
Ustroń
43%
Wisła
43%
Bestwina
29%
Brenna
29%
Istebna
29%
Kobiór
29%
Lipowa
29%
Rajcza
29%
Skoczów
29%
Ujsoły
29%
Buczkowice
14%
Czernichów
14%
Jeleśnia
14%
Łodygowice
14%
Miedźna
14%
Milówka
14%
Strumień
14%
Węgierska Górka
14%
Chybie
0%
Dębowiec
0%
Gilowice
0%
Goleszów
0%
Hażlach
0%
Koszarawa
0%
Łękawica
0%
Pawłowice
0%
Ślemień
0%
Suszec
0%
Świnna
0%
Zebrzydowice
0%
Nie znaleziono quizów pasujących do podanych kryteriów
Rozkład punktacji
Procent ludzi z każdym wynikiem
Percentyl według liczby udzielonych odpowiedzi
Twoja historia wyników
Nie rozwiązałeś tego quizu